000
00286nam a2200121Ia 4500
100
_a
Machinery yellow back series
650
_a
Chemistry
942
_c
BK
245
_a
Power Metallurgy In Practice
260
_b
Machinery Publication & co
_c
2001
082
_a
671.3
546
_a
ENGLISH
999
_c
33053
_d
33053